NHL Teams with the most Stanley Cup Wins - Statistics

General Stats
  • This quiz has been taken 4,041 times
    4,008 since last reset
  • The average score is 9 of 10
Answer Stats
Hint Answer % Correct
24 wins Montreal
98%
13 wins Toronto
93%
6 wins Boston
92%
6 wins Chicago
91%
11 wins Detroit
91%
4 wins New York
89%
5 wins Edmonton
85%
5 wins Pittsburgh
85%
4 wins New York
83%
3 wins New Jersey
66%
No matching quizzes found
Score Distribution
Percent of People with Each Score
Percentile by Number Answered
Your Score History
You have not taken this quiz since the last reset